000 00626cam a2200217 4500500
005 20260329004050.0
041 _afre
042 _adc
100 1 0 _aNicolas, Ariane
_eauthor
245 0 0 _aCe qui n’a pas de prix
260 _c2018.
500 _a58
690 _aAnnie Le Brun
690 _aArgent
690 _aArt contemporain
690 _aMarchandisation
690 _aMécénat
690 _aSurréalisme
786 0 _nPhilosophie magazine | 120 | 6 | 2018-06-01 | p. 43-44 | 1951-1787
856 4 1 _uhttps://shs.cairn.info/magazine-philosophie-magazine-2018-6-page-43?lang=fr&redirect-ssocas=7080
999 _c1830313
_d1830313